Fate/Zero character quiz - Statistics

General Stats
  • This quiz has been taken 232 times
  • The average score is 14 of 20
Answer Stats
Hint Answer % Correct
Archer Servant, the haughty and arrogant "King of Heroes" Gilgamesh
98%
Saber Servant, known as the "King of Knights" Artoria Pendragon
97%
Rider Servant, known as the "King of Conquerors" Iskandar
94%
Assassin's Master, a priest Kirei Kotomine
89%
Saber's Master, a mercenary who fights with guns as well as magic Kiritsugu Emiya
89%
Berserker Servant Lancelot
86%
Archer's Master, who gives one of his daughters away to another mage family Tokiomi Tohsaka
81%
Rider's Master, a young student who wants to prove his magical genius Waver Velvet
78%
Lancer Servant, who possesses a "love spot" on his face Diarmuid Ua Duibhne
73%
Caster Servant, who believes Saber is Jeanne d'Arc Gilles de Rais
73%
Assassin Servant, whose Noble Phantasm allows them to split into 80 different entities Hassan-i Sabbah
73%
Wife of Saber's Master, and vessel for the Holy Grail Irisviel von Einzbern
73%
Young girl adopted by another mage family to revitalize their thinned magical bloodline Sakura Tohsaka
73%
Berserker's Master, who is implanted with magical worms because he is not a trained mage Kariya Mato
70%
Lancer's Master, teacher of Rider's Master Kayneth El-Melloi Archibald
61%
Assistant to Saber's Master, in charge of protecting his wife Maiya Hisau
45%
Caster's Master, a deranged serial killer Ryunosuke Uryu
41%
Evil patriarch of an ancient mage family, who adopts a girl from another mage family Zoken Mato
36%
Fiancée of Lancer's Master, who becomes infatuated with Lancer Sola-Ui
24%
Priest who regulates the Holy Grail War, secretly allied with Archer's Master Risei Kotomine
23%
No matching quizzes found
Score Distribution
Percent of People with Each Score
Percentile by Number Answered
Your Score History
You have not taken this quiz